| 000 | 00586cam a2200217 a 4500 | ||
|---|---|---|---|
| 001 | 2861484 | ||
| 005 | 20180224034348.0 | ||
| 008 | 851010s1986 inua b 000 0 eng | ||
| 010 | _a 85040597 | ||
| 020 |
_a0268007543 : _c$16.95 |
||
| 040 |
_aDLC _cDLC _dDLC |
||
| 041 | _aeng | ||
| 080 | _a174.4 | ||
| 082 | 0 | 0 |
_a174.4 DIC _219 |
| 100 | _a53 | ||
| 101 | _aMNG | ||
| 245 | 0 | 0 |
_aCorporations and the common good / _cedited by Robert B. Dickie and Leroy S. Rouner. |
| 504 | _aIncludes bibliographies. | ||
| 906 |
_a7 _bcbc _corignew _d1 _eocip _f19 _gy-gencatlg |
||
| 942 |
_2ddc _cBK |
||
| 999 |
_c43361 _d43361 |
||